00562nam a2200145 i 450000100060000000300090000600500170001500700030003200800410003510000210007624502000009726000730029730000210037085200250039171824ES-MaACL20230906171236.0t|040819s1913 cu ||||1| spa d1 aGiberga, Eliseo.13aEl Centenario de Cádiz y la intimidad Ibero-americana b: discursos pronunciados con motivo del Centenario de las Cortes, constitución y sitio de Cádiz celebrado en 1912 / cEliseo Giberga. aLa Habana : b[s.n.], c1913 (fImpr., papelería de Rambla, Bouza) a78 p. ; c25 cm. aES-MaACLjT-1352-F-6